000 00431nam a2200181Ia 4500
001 17166
005 20260306170405.0
008 260306t2008||||xx |||||||||||||| ||und||
041 _aESP
082 _a657.48
_bG84 2008
100 _aGuajardo Cantú, Gerardo
_eAUT
245 0 _aContabilidad financiera
260 _c2008
300 _a556 páginas :
_c27 cm.
650 _aGEN
654 _aCCO
942 _cLIB
_dJUS
_fJUS
_2ddc
_n
999 _c17166
_d17166